Predystorija i istorija Kievskoj Rusi, Ukrainy i Kryma

Titel: Predystorija i istorija Kievskoj Rusi, Ukrainy i Kryma / G. T. Čupin
Verfasser:
Veröffentlicht: Char'kov : Litera Nova, 2010
Umfang: 719 S. : Ill.
Format: Buch
Sprache: Russisch
RVK-Notation:
Schlagworte:
ISBN: 9789661553094 ; 9661553092
Buchumschlag
X
alg: 22762212
001A    $03004:01-10-10 
001B    $01999:13-08-17 $t23:33:16.000 
001C    $03004:01-10-10 $t11:54:41.000 
001D    $03004:01-10-10 
001U    $0utf8 
001X    $00 
002@    $0Aaa 
003@    $022762212X 
004A    $A978-966-15-5309-4 $fEUR 55.00 
004A    $0966-15-5309-2 
007A    $0609601156 $aGBV 
007T    $0Herdhh22762212X 
010@    $arus 
011@    $a2010 
021A    $aPredystorija i istorija Kievskoj Rusi, Ukrainy i Kryma $hG. T. Čupin 
028A    $#Čupin, Georgij Timofeevič $#Čupin, G. T. $7140434321 $8Čupin, Georgij T.$Z1924- [Tp3] $9220402280 
033A    $pChar'kov $nLitera Nova 
034D    $a719 S. 
034M    $aIll. 
037A    $aIn kyrill. Schr., russ. 
041A    $RUkrainische SSR $#Ukraine $#Ukraine $#Украïна $#Ukrainische SSR $#Ukrajina $#Ukraina $#Ukrai͏̈na Ukraine $#Ukraina Ukraine $#Ukrajna $74061496-7 $8Ukraine [Tgz] $9085170801 
045Z    $8KL 4020 [Tkv] $9409222917 
045Z    $8NK 4700 [Tkv] $9410890103 
045Z    $8NM 9470 [Tkv] $9410894567 

lok: 22762212 24

exp: 22762212 24 1 #EPN
201B/01 $001-10-10 $t11:54:41.000 
201C/01 $001-10-10 
201U/01 $0utf8 
203@/01 $0599725281 
208@/01 $a01-10-10 $ba 
209A/01 $azur Erwerbung bestellt $f050 $x00 
220C/01 $ajwa 
247C/01 $8358050-7 Marburg, Bibliothek des Herder-Instituts Marburg $9102600961 

lok: 22762212 78

exp: 22762212 78 1 #EPN
201B/01 $019-04-17 $t21:53:24.000 
201U/01 $0utf8 
203@/01 $0794545009 
208@/01 $a12-11-16 $be 
209A/01 $a/ $f000 $x00 
220C/01 $aAnmerkung: *ng 
244Z/01 $2Trx $8--Trx--Monographie $x01 $9391384546 
247C/01 $82080>Marburg/Lahn, Herder-Institut, Forschungsbibliothek, Bibliographieportal $9336309341
LEADER 00000cam a22000008c 4500
001 22762212X
003 DE-603
005 20170813233316.0
007 tu
008 101001s2010 xx |||| | u00||u|rus c
020 |a 9789661553094  |c EUR 55.00 
020 |a 9661553092 
035 |a (DE-599)GBV609601156 
040 |a DE-603  |b ger  |c DE-603  |d DE-603 
041 |a rus 
084 |a KL 4020  |0 (DE-625)78293:  |0 (DE-603)409222917  |2 rvk 
084 |a NK 4700  |0 (DE-625)126051:  |0 (DE-603)410890103  |2 rvk 
084 |a NM 9470  |0 (DE-625)126487:  |0 (DE-603)410894567  |2 rvk 
100 1 |a Čupin, Georgij T.  |d 1924-  |0 (DE-603)220402280  |0 (DE-588)140434321  |2 gnd 
245 0 0 |a Predystorija i istorija Kievskoj Rusi, Ukrainy i Kryma  |c G. T. Čupin 
264 1 |a Char'kov  |b Litera Nova  |c 2010 
300 |a 719 S.  |b Ill. 
500 |a In kyrill. Schr., russ. 
651 7 |a Ukraine  |0 (DE-588)4061496-7  |0 (DE-603)085170801  |2 gnd 
924 0 |9 Mb 50  |a (DE-603)599725281  |b DE-Mb50  |c HES  |d c  |g zur Erwerbung bestellt 
924 0 |9 2080  |a (DE-603)794545009  |b DE-2080  |c HES  |d d  |g /